000
00284nam a22001337a 4500
008
170322b xxu||||| |||| 00| 0 eng d
020
_a
9780716734796
041
_a
eng
080
_a
616.8
100
_a
7
101
_a
SHM
245
_a
BALANCE WITH
_c
STERNBERG.E.M
942
_2
udc
_c
BK
999
_c
8357
_d
8357